Guardians of the Galaxy Soundtrack - Statistics

General Stats
  • This quiz has been taken 161 times
  • The average score is 7 of 12
Answer Stats
Artist Song % Correct
Redbone Come and Get Your Love
89%
Blue Swede Hooked on a Feeling
83%
The Runaways Cherry Bomb
76%
Marvin Gaye and Tammi Terrell Ain't No Mountain High Enough
75%
The Jackson 5 I Want You Back
72%
Rupert Holmes Escape (The Pina Colada Song)
55%
Norman Greenbaum Spirit in the Sky
53%
David Bowie Moonage Daydream
52%
Elvin Bishop Fooled Around and Fell in Love
50%
10cc I'm Not in Love
49%
The Raspberries Go All the Way
44%
The Five Stairsteps O-o-h Child
43%
No matching quizzes found
Score Distribution
Percent of People with Each Score
Percentile by Number Answered
Your Score History
You have not taken this quiz